[Event "Gibtelecom Masters 1st"]
[Site "Gibraltar"]
[Date "2003.01.29"]
[Round "2"]
[White "Guerrero, Carlos"]
[Black "Thompson, Ian"]
[Result "1/2-1/2"]
[WhiteElo "2073"]
[BlackElo "2256"]
[PlyCount "100"]
[EventDate "2003.01.28"]
[EventType "swiss"]
[EventRounds "10"]
[EventCountry "GGB"]
[SourceTitle "BritBase"]
[Source "www.saund.co.uk"]
[SourceDate "2018.02.10"]
[SourceVersion "1"]
[SourceVersionDate "2018.02.10"]
[SourceQuality "1"]

1. e4 e6 2. g3 d5 3. exd5 exd5 4. Bg2 Nf6 5. Ne2 Bd6 6. O-O O-O 7. d4 Bf5 8. c4
c6 9. b3 Nbd7 10. Nbc3 dxc4 11. bxc4 Re8 12. h3 Ne4 13. Nxe4 Bxe4 14. Bxe4 Rxe4
15. Qd3 Re8 16. Rb1 b6 17. Nc3 Nf8 18. Bb2 Qd7 19. Ne4 Bc7 20. Kg2 f5 21. Ng5
h6 22. Nf3 Re4 23. Nd2 Re7 24. Rbe1 Rae8 25. Rxe7 Rxe7 26. Nf3 f4 27. Re1 Rxe1
28. Nxe1 fxg3 29. fxg3 b5 30. Nf3 a6 31. cxb5 axb5 32. Qe4 Qe6 33. Qxe6+ Nxe6
34. Kf2 Kf7 35. Ne5+ Bxe5 36. dxe5 Ng5 37. Ke3 Nxh3 38. Kd4 Nf2 39. Ba3 g5 40.
Kc5 Nd3+ 41. Kxc6 Nxe5+ 42. Kxb5 h5 43. Bc5 h4 44. gxh4 gxh4 45. Bf2 h3 46. Bg3
Nf3 47. a4 Nd4+ 48. Kb6 Nb3 49. a5 Nxa5 50. Kxa5 Ke6 1/2-1/2

[Event "Gibtelecom Masters 1st"]
[Site "Gibraltar"]
[Date "2003.01.29"]
[Round "2"]
[White "Korneev, Oleg"]
[Black "Jonkman, Harmen"]
[Result "1-0"]
[WhiteElo "2613"]
[BlackElo "2436"]
[PlyCount "109"]
[EventDate "2003.01.28"]
[EventType "swiss"]
[EventRounds "10"]
[EventCountry "GGB"]
[SourceTitle "BritBase"]
[Source "www.saund.co.uk"]
[SourceDate "2018.02.10"]
[SourceVersion "1"]
[SourceVersionDate "2018.02.10"]
[SourceQuality "1"]

1. e4 e5 2. Nf3 Nc6 3. Bb5 Nf6 4. O-O Nxe4 5. d4 Nd6 6. Bxc6 dxc6 7. dxe5 Nf5
8. Qxd8+ Kxd8 9. Nc3 Be7 10. h3 Ke8 11. Rd1 Bd7 12. g4 Nh4 13. Nxh4 Bxh4 14.
Kg2 Rd8 15. Be3 b6 16. f3 Be6 17. a4 a5 18. b3 c5 19. Nb5 Rd7 20. c4 Kd8 21.
Rxd7+ Kxd7 22. Rd1+ Kc8 23. Nc3 Re8 24. Bf2 Bd8 25. f4 f5 26. exf6 Bxf6 27. Nd5
Bd4 28. Bxd4 Bxd5+ 29. cxd5 cxd4 30. Rxd4 Re3 31. f5 Rxb3 32. Re4 Kd7 33. g5
Rb4 34. Kf3 b5 35. axb5 Rxb5 36. Rh4 Rxd5 37. Ke4 Kc6 38. f6 gxf6 39. gxf6 a4
40. f7 Rd8 41. Ke5 Kb5 42. Rxh7 a3 43. Rg7 a2 44. Rg1 Kb4 45. Kf6 c5 46. Ke7
Rh8 47. f8=Q Rxf8 48. Kxf8 Kb3 49. h4 Kb2 50. h5 c4 51. h6 c3 52. h7 a1=Q 53.
Rxa1 Kxa1 54. h8=Q Kb2 55. Ke7 1-0

[Event "Gibtelecom Masters 1st"]
[Site "Gibraltar"]
[Date "2003.01.29"]
[Round "2"]
[White "Ledger, Stephen"]
[Black "Young, Melvyn"]
[Result "1-0"]
[WhiteElo "2172"]
[BlackElo "1717"]
[PlyCount "33"]
[EventDate "2003.01.28"]
[EventType "swiss"]
[EventRounds "10"]
[EventCountry "GGB"]
[SourceTitle "BritBase"]
[Source "www.saund.co.uk"]
[SourceDate "2018.02.10"]
[SourceVersion "1"]
[SourceVersionDate "2018.02.10"]
[SourceQuality "1"]

1. d4 f5 2. Nf3 Nf6 3. Bg5 e6 4. Nbd2 Be7 5. Bxf6 Bxf6 6. e4 fxe4 7. Nxe4 d5 8.
Nxf6+ Qxf6 9. Bd3 Nc6 10. c3 Bd7 11. O-O O-O-O 12. b4 g5 13. b5 Ne7 14. Ne5 Ng6
15. Qa4 Kb8 16. Nxd7+ Rxd7 17. b6 1-0

[Event "Gibtelecom Masters 1st"]
[Site "Gibraltar"]
[Date "2003.01.29"]
[Round "2"]
[White "Malinarski, Yehuda"]
[Black "Schmitz, Andreas Arnold"]
[Result "0-1"]
[WhiteElo "2199"]
[BlackElo "2131"]
[PlyCount "142"]
[EventDate "2003.01.28"]
[EventType "swiss"]
[EventRounds "10"]
[EventCountry "GGB"]
[SourceTitle "BritBase"]
[Source "www.saund.co.uk"]
[SourceDate "2018.02.10"]
[SourceVersion "1"]
[SourceVersionDate "2018.02.10"]
[SourceQuality "1"]

1. e4 e6 2. d4 d5 3. Nd2 Nf6 4. e5 Nfd7 5. f4 c5 6. c3 Nc6 7. Ndf3 cxd4 8. cxd4
Qb6 9. g3 Bb4+ 10. Kf2 g5 11. Be3 f6 12. Bh3 fxe5 13. Nxg5 exd4 14. Qh5+ Ke7
15. Qf7+ Kd6 16. Qxe6+ Kc7 17. Qxd5 dxe3+ 18. Kg2 Be7 19. Ne6+ Kb8 20. Ne2 Nf6
21. Qf3 Bxe6 22. Bxe6 Kc7 23. Rhd1 Rad8 24. b3 Rxd1 25. Rxd1 Rd8 26. Rxd8 Nxd8
27. Bc4 Qc6 28. a4 Bc5 29. f5 Qxf3+ 30. Kxf3 Nc6 31. Kf4 h6 32. h3 Kd6 33. Nc3
a6 34. g4 Ne5 35. Be6 Nd3+ 36. Kf3 Bd4 37. Ne2 Ke5 38. Bc8 Ne4 39. g5 Nxg5+ 40.
Kg4 Nxh3 41. Bxb7 Nhf2+ 42. Kf3 Nc5 43. Nxd4 Kxd4 44. f6 Nfe4 45. Bc8 Nxf6 46.
b4 Nxa4 47. Bxa6 Nb6 48. Be2 Nfd5 49. b5 Nc3 50. Bf1 e2 51. Bxe2 Nxe2 52. Kg4
Ng3 53. Kxg3 Ke5 54. Kg4 Kf6 55. Kh5 Kg7 56. Kg4 Kg6 57. Kh4 Nd5 58. Kg4 Kg7
59. Kh5 Nf6+ 60. Kh4 Nd7 61. Kg4 Kg6 62. Kh4 h5 63. Kh3 Kg5 64. Kg3 h4+ 65. Kh3
Kh5 66. Kg2 Kg4 67. Kh2 h3 68. Kg1 Kg3 69. Kh1 Nf6 70. b6 Ng4 71. b7 Nf2+ 0-1

[Event "Gibtelecom Masters 1st"]
[Site "Gibraltar"]
[Date "2003.01.29"]
[Round "2"]
[White "Plaskett, James"]
[Black "Ledger, David"]
[Result "1/2-1/2"]
[WhiteElo "2467"]
[BlackElo "2267"]
[PlyCount "85"]
[EventDate "2003.01.28"]
[EventType "swiss"]
[EventRounds "10"]
[EventCountry "GGB"]
[SourceTitle "BritBase"]
[Source "www.saund.co.uk"]
[SourceDate "2018.02.10"]
[SourceVersion "1"]
[SourceVersionDate "2018.02.10"]
[SourceQuality "1"]

1. Nf3 f5 2. d4 Nf6 3. Bg5 e6 4. Nbd2 d5 5. c4 c6 6. e3 Be7 7. Bd3 Ne4 8. Bxe7
Qxe7 9. Bxe4 fxe4 10. Ne5 O-O 11. f4 Nd7 12. O-O Nxe5 13. fxe5 Rxf1+ 14. Qxf1
b6 15. Rc1 Ba6 16. Qd1 Rf8 17. Qa4 Qg5 18. Re1 Bxc4 19. Nxc4 b5 20. Qc2 bxc4
21. b3 cxb3 22. axb3 Qf5 23. h3 h5 24. Kh2 Qf2 25. Re2 Qf1 26. Rd2 Qe1 27. Re2
Qf1 28. b4 h4 29. Qd2 Qb1 30. Re1 Qb3 31. Rc1 Rf7 32. Qe2 Qxb4 33. Qg4 Qe7 34.
Rxc6 Rf5 35. Qg6 Rf8 36. Rxe6 Qa3 37. Qg5 Qc1 38. Rg6 Rf7 39. e6 Qc7+ 40. Kg1
Qc1+ 41. Kh2 Qc7+ 42. Kg1 Qc1+ 43. Kh2 1/2-1/2

[Event "Gibtelecom Masters 1st"]
[Site "Gibraltar"]
[Date "2003.01.29"]
[Round "2"]
[White "Schmitz, Manuela"]
[Black "Sending, Staale"]
[Result "1/2-1/2"]
[WhiteElo "2111"]
[BlackElo "2119"]
[PlyCount "114"]
[EventDate "2003.01.28"]
[EventType "swiss"]
[EventRounds "10"]
[EventCountry "GGB"]
[SourceTitle "BritBase"]
[Source "www.saund.co.uk"]
[SourceDate "2018.02.10"]
[SourceVersion "1"]
[SourceVersionDate "2018.02.10"]
[SourceQuality "1"]

1. d4 Nf6 2. c4 g6 3. Nc3 d5 4. e3 Bg7 5. Qb3 c6 6. Nf3 O-O 7. Bd2 e6 8. Be2
Nbd7 9. O-O dxc4 10. Bxc4 Qe7 11. e4 e5 12. dxe5 Nxe5 13. Nxe5 Qxe5 14. Rfe1
Ng4 15. g3 Qh5 16. h4 Ne5 17. Be2 Bg4 18. Bf4 Bxe2 19. Bxe5 Qxe5 20. Rxe2 Qe7
21. Rae1 Be5 22. f4 Bd4+ 23. Kg2 Rad8 24. e5 Bxc3 25. Qxc3 Rd5 26. Qe3 b6 27.
h5 Qe6 28. Qf3 Rfd8 29. b3 Rd3 30. Re3 Rxe3 31. Rxe3 Rd2+ 32. Re2 Rxe2+ 33.
Qxe2 Qd5+ 34. Kh2 b5 35. h6 Kf8 36. Qf1 Qe6 37. Qd1 Qd5 38. Qxd5 cxd5 39. g4
Ke7 40. f5 gxf5 41. gxf5 Kd7 42. Kg3 Kc6 43. Kf3 d4 44. Ke4 d3 45. Kxd3 Kd5 46.
e6 fxe6 47. fxe6 Kxe6 48. Kd4 Kf6 49. Kc5 Kg6 50. Kxb5 Kxh6 51. Ka6 Kg5 52.
Kxa7 h5 53. b4 h4 54. b5 h3 55. b6 h2 56. b7 h1=Q 57. b8=Q Qc6 1/2-1/2

[Event "Gibtelecom Masters 1st"]
[Site "Gibraltar"]
[Date "2003.01.29"]
[Round "2"]
[White "Short, Nigel D"]
[Black "Ledger, Andrew"]
[Result "1-0"]
[WhiteElo "2690"]
[BlackElo "2397"]
[PlyCount "75"]
[EventDate "2003.01.28"]
[EventType "swiss"]
[EventRounds "10"]
[EventCountry "GGB"]
[SourceTitle "BritBase"]
[Source "www.saund.co.uk"]
[SourceDate "2018.02.10"]
[SourceVersion "1"]
[SourceVersionDate "2018.02.10"]
[SourceQuality "1"]

1. e4 e5 2. Nf3 Nf6 3. Nc3 Bb4 4. Nxe5 O-O 5. Be2 Re8 6. Nd3 Bxc3 7. dxc3 Nxe4
8. O-O d5 9. Re1 Nd7 10. Bf1 c6 11. f3 Nd6 12. Rxe8+ Nxe8 13. Be3 Nd6 14. a4
Nf8 15. b3 Bf5 16. Qd2 Ne6 17. Re1 Qa5 18. Nf4 Re8 19. g4 Bg6 20. Nxg6 hxg6 21.
h4 Qd8 22. Bf2 f5 23. g5 a6 24. c4 dxc4 25. bxc4 Nf7 26. Qxd8 Nfxd8 27. c5 Kf8
28. Bc4 Nf4 29. Rd1 Nh3+ 30. Kg2 Nxf2 31. Kxf2 Ke7 32. Rd6 Nf7 33. Rxg6 Kf8 34.
Bb3 Re5 35. h5 Nh8 36. Rd6 Nf7 37. h6 Nxg5 38. Rd8+ 1-0

[Event "Gibtelecom Masters 1st"]
[Site "Gibraltar"]
[Date "2003.01.29"]
[Round "2"]
[White "Straub, Peter"]
[Black "Giddins, Stephen"]
[Result "0-1"]
[WhiteElo "2112"]
[BlackElo "2242"]
[PlyCount "58"]
[EventDate "2003.01.28"]
[EventType "swiss"]
[EventRounds "10"]
[EventCountry "GGB"]
[SourceTitle "BritBase"]
[Source "www.saund.co.uk"]
[SourceDate "2018.02.10"]
[SourceVersion "1"]
[SourceVersionDate "2018.02.10"]
[SourceQuality "1"]

1. e4 e6 2. Nf3 d5 3. e5 c5 4. b4 cxb4 5. d4 Nc6 6. a3 f6 7. axb4 Bxb4+ 8. c3
Be7 9. Bd3 fxe5 10. dxe5 Bc5 11. O-O Nge7 12. Bg5 O-O 13. Nbd2 h6 14. Bh4 Qe8
15. Bg3 Nf5 16. Re1 Bd7 17. c4 Qf7 18. cxd5 exd5 19. Nb3 Bb6 20. Qd2 Rae8 21.
Re2 Nxg3 22. hxg3 Bg4 23. Bb1 Bxf3 24. gxf3 Nxe5 25. Qc2 Nxf3+ 26. Kg2 Ne1+ 27.
Rxe1 Qf3+ 28. Kh2 Qh5+ 29. Kg2 Rxe1 0-1

[Event "Gibtelecom Masters 1st"]
[Site "Gibraltar"]
[Date "2003.01.29"]
[Round "2"]
[White "Sulskis, Sarunas"]
[Black "Campora, Daniel"]
[Result "1/2-1/2"]
[WhiteElo "2567"]
[BlackElo "2505"]
[PlyCount "112"]
[EventDate "2003.01.28"]
[EventType "swiss"]
[EventRounds "10"]
[EventCountry "GGB"]
[SourceTitle "BritBase"]
[Source "www.saund.co.uk"]
[SourceDate "2018.02.10"]
[SourceVersion "1"]
[SourceVersionDate "2018.02.10"]
[SourceQuality "1"]

1. e4 e5 2. Nf3 Nc6 3. d4 exd4 4. Nxd4 d6 5. Nc3 Nf6 6. Bb5 Bd7 7. O-O Be7 8.
Nf5 Bxf5 9. exf5 O-O 10. g4 h6 11. f4 Nh7 12. Be3 Re8 13. Qf3 Bf6 14. Rad1 a6
15. Bc4 Na5 16. Bd3 b5 17. Kh1 Bxc3 18. bxc3 Qd7 19. g5 hxg5 20. fxg5 Qc6 21.
Qxc6 Nxc6 22. Rde1 Rad8 23. Bf4 Ne5 24. Bxe5 Rxe5 25. Rxe5 dxe5 26. h4 Rd6 27.
Kg2 Nf8 28. c4 b4 29. c5 Rd4 30. Bxa6 Rxh4 31. Kg3 Rd4 32. c6 Nh7 33. Re1 Nxg5
34. Rxe5 Kf8 35. Bd3 Nh7 36. Rb5 Nf6 37. Rb8+ Ke7 38. Rc8 Nd5 39. Rg8 Nf4 40.
Ba6 Nh5+ 41. Kh3 Kf6 42. Rc8 Nf4+ 43. Kg3 Nd5 44. Bd3 Ke7 45. Rg8 Nf4 46. Rc8
Nxd3 47. cxd3 Rxd3+ 48. Kf4 Kf6 49. Rxc7 Rc3 50. Ke4 Rc2 51. Kd5 Rxa2 52. Rb7
Rd2+ 53. Kc5 Rc2+ 54. Kd6 Rd2+ 55. Kc5 Rc2+ 56. Kd6 Rd2+ 1/2-1/2

[Event "Gibtelecom Masters 1st"]
[Site "Gibraltar"]
[Date "2003.01.29"]
[Round "2"]
[White "Wohl, Aleksandar H"]
[Black "Hamdouchi, Hichem"]
[Result "1/2-1/2"]
[WhiteElo "2415"]
[BlackElo "2615"]
[PlyCount "75"]
[EventDate "2003.01.28"]
[EventType "swiss"]
[EventRounds "10"]
[EventCountry "GGB"]
[SourceTitle "BritBase"]
[Source "www.saund.co.uk"]
[SourceDate "2018.02.10"]
[SourceVersion "1"]
[SourceVersionDate "2018.02.10"]
[SourceQuality "1"]

1. g3 e5 2. Nf3 e4 3. Nd4 c5 4. Nb3 c4 5. Nd4 Nc6 6. c3 Bc5 7. Bg2 Nf6 8. O-O
Nxd4 9. cxd4 Bxd4 10. Qa4 O-O 11. Qxc4 Bb6 12. d4 d5 13. Qa4 h6 14. Nc3 Bg4 15.
f3 exf3 16. exf3 Bd7 17. Qd1 Re8 18. Qd3 Qe7 19. a3 Qe5 20. Rd1 Bf5 21. Qd2
Rac8 22. Qf2 Qc7 23. g4 Bg6 24. g5 hxg5 25. Bxg5 Qd6 26. Bxf6 gxf6 27. f4 Ba5
28. f5 Bxc3 29. fxg6 Ba5 30. gxf7+ Kxf7 31. Qf5 Rh8 32. Qxd5+ Qxd5 33. Bxd5+
Ke7 34. b4 Bb6 35. Ra2 Rh4 36. Re2+ Kd6 37. Bxb7 Rc7 38. Bf3 1/2-1/2

[Event "Gibtelecom Masters 1st"]
[Site "Gibraltar"]
[Date "2003.01.30"]
[Round "3"]
[White "Barsov, Alexei"]
[Black "Gayson, Peter"]
[Result "1-0"]
[WhiteElo "2525"]
[BlackElo "2257"]
[PlyCount "59"]
[EventDate "2003.01.28"]
[EventType "swiss"]
[EventRounds "10"]
[EventCountry "GGB"]
[SourceTitle "BritBase"]
[Source "www.saund.co.uk"]
[SourceDate "2018.02.10"]
[SourceVersion "1"]
[SourceVersionDate "2018.02.10"]
[SourceQuality "1"]

1. d4 f5 2. g3 g6 3. Bg2 Bg7 4. Nf3 Nf6 5. O-O O-O 6. c4 d6 7. Nc3 Qe8 8. Nd5
Na6 9. Nxf6+ Bxf6 10. Bh6 Bg7 11. Bxg7 Kxg7 12. d5 Nc5 13. b4 Ne4 14. Nd4 e5
15. dxe6 Bxe6 16. Qd3 Bd7 17. Nb5 Bxb5 18. cxb5 Qe5 19. f3 Nc3 20. f4 Nxe2+ 21.
Kh1 Qb2 22. Rfb1 Nxf4 23. gxf4 Qf2 24. Qc3+ Kh6 25. Rf1 Qh4 26. Rf3 Qf6 27.
Rh3+ Kg7 28. Re1 Rf7 29. Bd5 Qxc3 30. Rxc3 1-0

[Event "Gibtelecom Masters 1st"]
[Site "Gibraltar"]
[Date "2003.01.30"]
[Round "3"]
[White "Bellin, Robert"]
[Black "Schmitz, Manuela"]
[Result "1-0"]
[WhiteElo "2360"]
[BlackElo "2111"]
[PlyCount "59"]
[EventDate "2003.01.28"]
[EventType "swiss"]
[EventRounds "10"]
[EventCountry "GGB"]
[SourceTitle "BritBase"]
[Source "www.saund.co.uk"]
[SourceDate "2018.02.10"]
[SourceVersion "1"]
[SourceVersionDate "2018.02.10"]
[SourceQuality "1"]

1. e4 e6 2. d4 d5 3. Nc3 Bb4 4. e5 c5 5. Bd2 Ne7 6. Nf3 Nbc6 7. a3 Bxc3 8. Bxc3
cxd4 9. Nxd4 Ng6 10. Nxc6 bxc6 11. Qe2 a5 12. Qe3 Ba6 13. Qc5 Qc7 14. O-O-O
Bxf1 15. Rhxf1 Nf8 16. f4 Nd7 17. Qf2 Qa7 18. Qg3 g6 19. Qh4 c5 20. g4 d4 21.
Be1 Rb8 22. f5 Qb6 23. b3 a4 24. b4 Qb5 25. Rf3 Qe2 26. Rh3 c4 27. Rxd4 Qxe5
28. Bc3 Qe2 29. Rd1 g5 30. Qg3 1-0

[Event "Gibtelecom Masters 1st"]
[Site "Gibraltar"]
[Date "2003.01.30"]
[Round "3"]
[White "Campora, Daniel"]
[Black "Lalic, Bogdan"]
[Result "1/2-1/2"]
[WhiteElo "2505"]
[BlackElo "2547"]
[PlyCount "74"]
[EventDate "2003.01.28"]
[EventType "swiss"]
[EventRounds "10"]
[EventCountry "GGB"]
[SourceTitle "BritBase"]
[Source "www.saund.co.uk"]
[SourceDate "2018.02.10"]
[SourceVersion "1"]
[SourceVersionDate "2018.02.10"]
[SourceQuality "1"]

1. e4 c5 2. Nf3 d6 3. d4 cxd4 4. Nxd4 Nf6 5. Nc3 g6 6. Be3 Bg7 7. f3 Nc6 8. Qd2
O-O 9. Bc4 Bd7 10. h4 Ne5 11. Bb3 h5 12. O-O-O Rc8 13. Kb1 Re8 14. Rhe1 a6 15.
Bg5 b5 16. f4 Nc4 17. Bxc4 Rxc4 18. Bxf6 Bxf6 19. e5 Bg7 20. b3 Rc8 21. Qe3 Qc7
22. Rd3 dxe5 23. fxe5 Bg4 24. Nd5 Qc5 25. Nf4 e6 26. c3 Qe7 27. g3 Rc5 28. b4
Rc4 29. Kb2 Rec8 30. Qd2 Qc7 31. Qe3 Kh7 32. a3 Qb8 33. Kb3 Bf5 34. Nxf5 exf5
35. Nh3 Bh6 36. Ng5+ Bxg5 37. Qxg5 Qc7 1/2-1/2

[Event "Gibtelecom Masters 1st"]
[Site "Gibraltar"]
[Date "2003.01.30"]
[Round "3"]
[White "Cramling, Pia"]
[Black "Reinderman, Dimitri"]
[Result "1/2-1/2"]
[WhiteElo "2492"]
[BlackElo "2506"]
[PlyCount "38"]
[EventDate "2003.01.28"]
[EventType "swiss"]
[EventRounds "10"]
[EventCountry "GGB"]
[SourceTitle "BritBase"]
[Source "www.saund.co.uk"]
[SourceDate "2018.02.10"]
[SourceVersion "1"]
[SourceVersionDate "2018.02.10"]
[SourceQuality "1"]

1. d4 Nf6 2. Nf3 g6 3. c4 Bg7 4. Nc3 O-O 5. e4 d6 6. h3 e5 7. d5 a5 8. Bg5 Na6
9. Be2 Nc5 10. Nd2 h6 11. Be3 c6 12. Rb1 Bd7 13. b3 Rc8 14. O-O cxd5 15. cxd5
b5 16. f3 Nd3 17. Bxd3 Rxc3 18. Qe2 Qc7 19. Kh2 Nh5 1/2-1/2

[Event "Gibtelecom Masters 1st"]
[Site "Gibraltar"]
[Date "2003.01.30"]
[Round "3"]
[White "Giddins, Stephen"]
[Black "Zak, Uriel"]
[Result "0-1"]
[WhiteElo "2242"]
[BlackElo "2341"]
[PlyCount "60"]
[EventDate "2003.01.28"]
[EventType "swiss"]
[EventRounds "10"]
[EventCountry "GGB"]
[SourceTitle "BritBase"]
[Source "www.saund.co.uk"]
[SourceDate "2018.02.10"]
[SourceVersion "1"]
[SourceVersionDate "2018.02.10"]
[SourceQuality "1"]

1. Nf3 d5 2. d4 e6 3. c4 c5 4. cxd5 exd5 5. g3 Nc6 6. Bg2 c4 7. O-O a6 8. b3
cxb3 9. Qxb3 Na5 10. Qd3 Be7 11. Nc3 Be6 12. Ne5 Rc8 13. f4 f6 14. f5 fxe5 15.
fxe6 e4 16. Nxe4 dxe4 17. Bxe4 Bf6 18. d5 Nc4 19. Bxh7 Ne7 20. Bg6+ Kf8 21. Be4
Qb6+ 22. Kh1 Ne5 23. Qb1 Qc5 24. Qb3 Ng4 25. e3 Qc4 26. Qxc4 Rxc4 27. d6 Rxe4
28. d7 Nc6 29. Ba3+ Kg8 30. Rxf6 Nxf6 0-1

[Event "Gibtelecom Masters 1st"]
[Site "Gibraltar"]
[Date "2003.01.30"]
[Round "3"]
[White "Gullaksen, Eirik"]
[Black "Cherniaev, Alexander"]
[Result "0-1"]
[WhiteElo "2354"]
[BlackElo "2504"]
[PlyCount "104"]
[EventDate "2003.01.28"]
[EventType "swiss"]
[EventRounds "10"]
[EventCountry "GGB"]
[SourceTitle "BritBase"]
[Source "www.saund.co.uk"]
[SourceDate "2018.02.10"]
[SourceVersion "1"]
[SourceVersionDate "2018.02.10"]
[SourceQuality "1"]

1. e4 c5 2. Nf3 Nc6 3. d4 cxd4 4. Nxd4 Nf6 5. Nc3 e5 6. Ndb5 d6 7. Nd5 Nxd5 8.
exd5 Nb8 9. Qf3 a6 10. Qa3 Be7 11. Bd2 O-O 12. Ba5 b6 13. Bb4 Qd7 14. Nc3 Bb7
15. Qb3 Qc7 16. Be2 Nd7 17. a4 Nc5 18. Qc4 b5 19. Qa2 bxa4 20. O-O Rfc8 21. Bg4
Rcb8 22. Rfd1 Bc8 23. Qc4 Ne6 24. Qxc7 Nxc7 25. Bxc8 Rxb4 26. Bd7 Rxb2 27. Bxa4
Rb4 28. Bb3 g6 29. Ra5 Kg7 30. Rda1 Rab8 31. g3 f5 32. R1a4 Bd8 33. Na2 R4b6
34. Nc3 Bg5 35. Rc4 R8b7 36. Ra1 e4 37. Na4 Rb5 38. Rc6 Bf6 39. Rd1 Be5 40. f4
exf3 41. Kf2 Rb4 42. Kxf3 Nb5 43. Rxa6 Nd4+ 44. Kg2 Nxb3 45. cxb3 Rxb3 46. Rd2
h5 47. Re2 R3b5 48. Rd2 Kh6 49. Rc6 Rb3 50. Re2 R7b5 51. Rd2 R5b4 52. Ra6 h4
0-1

[Event "Gibtelecom Masters 1st"]
[Site "Gibraltar"]
[Date "2003.01.30"]
[Round "3"]
[White "Jonkman, Harmen"]
[Black "Agdestein, Simen"]
[Result "0-1"]
[WhiteElo "2436"]
[BlackElo "2578"]
[PlyCount "92"]
[EventDate "2003.01.28"]
[EventType "swiss"]
[EventRounds "10"]
[EventCountry "GGB"]
[SourceTitle "BritBase"]
[Source "www.saund.co.uk"]
[SourceDate "2018.02.10"]
[SourceVersion "1"]
[SourceVersionDate "2018.02.10"]
[SourceQuality "1"]

1. e4 e5 2. Nf3 Nc6 3. Bb5 a6 4. Bxc6 dxc6 5. O-O Bg4 6. d3 f6 7. Be3 Qd7 8. h3
Be6 9. d4 O-O-O 10. Nbd2 exd4 11. Nxd4 Bf7 12. Qg4 c5 13. Qxd7+ Rxd7 14. Ne2
Bd6 15. f4 Ne7 16. g4 Nc6 17. c3 h5 18. Kg2 hxg4 19. hxg4 g5 20. Rh1 Rg8 21.
fxg5 Ne5 22. gxf6 Nxg4 23. Kf3 Ne5+ 24. Kf2 Nd3+ 25. Kf3 Ne5+ 26. Kf2 Nd3+ 27.
Kf3 Rg6 28. Rh8+ Rd8 29. Rxd8+ Kxd8 30. Ng1 Nxb2 31. Ke2 Be5 32. Ngf3 Bxf6 33.
e5 Be7 34. Rb1 Rb6 35. Rh1 Na4 36. Bg5 Nxc3+ 37. Kd3 Nxa2 38. Ne4 Bg6 39. Rh8+
Kd7 40. Bxe7 Kxe7 41. Nfg5 Nb4+ 42. Kc4 Nc6 43. Kd5 Rb5 44. Nc3 Ra5 45. Rc8 Kd7
46. Rg8 Ne7+ 0-1

[Event "Gibtelecom Masters 1st"]
[Site "Gibraltar"]
[Date "2003.01.30"]
[Round "3"]
[White "Ledger, Andrew"]
[Black "Plaskett, James"]
[Result "0-1"]
[WhiteElo "2397"]
[BlackElo "2467"]
[PlyCount "80"]
[EventDate "2003.01.28"]
[EventType "swiss"]
[EventRounds "10"]
[EventCountry "GGB"]
[SourceTitle "BritBase"]
[Source "www.saund.co.uk"]
[SourceDate "2018.02.10"]
[SourceVersion "1"]
[SourceVersionDate "2018.02.10"]
[SourceQuality "1"]

1. Nf3 Nf6 2. g3 d5 3. Bg2 c6 4. O-O Bf5 5. b3 a5 6. a3 e6 7. Bb2 Be7 8. d3 O-O
9. c4 Na6 10. Nbd2 h6 11. Qc2 Bh7 12. Bc3 c5 13. e4 d4 14. Bb2 Nd7 15. Rae1 Qc7
16. Bc1 e5 17. h4 a4 18. bxa4 Nab8 19. Nh2 Nc6 20. Ndf3 Qa5 21. g4 Qxa4 22. Qe2
b5 23. cxb5 Qxb5 24. g5 hxg5 25. Nxg5 Bxg5 26. hxg5 c4 27. dxc4 Qb3 28. f4 exf4
29. Rf3 Qb6 30. Kh1 Nde5 31. Rh3 f3 32. Nxf3 d3 33. Qd2 Nxf3 34. Bxf3 Ne5 35.
Bg2 Rad8 36. Qc3 Rfe8 37. Bb2 d2 38. Rd1 Qf2 39. c5 Qe2 40. Qc2 Qe1+ 0-1

[Event "Gibtelecom Masters 1st"]
[Site "Gibraltar"]
[Date "2003.01.30"]
[Round "3"]
[White "Ledger, David"]
[Black "Baum, Bernd"]
[Result "0-1"]
[WhiteElo "2267"]
[BlackElo "2252"]
[PlyCount "70"]
[EventDate "2003.01.28"]
[EventType "swiss"]
[EventRounds "10"]
[EventCountry "GGB"]
[SourceTitle "BritBase"]
[Source "www.saund.co.uk"]
[SourceDate "2018.02.10"]
[SourceVersion "1"]
[SourceVersionDate "2018.02.10"]
[SourceQuality "1"]

1. e4 d6 2. d4 Nf6 3. Nc3 g6 4. g3 Bg7 5. Bg2 O-O 6. Nge2 Nbd7 7. O-O c5 8. h3
Rb8 9. a4 b6 10. Be3 Bb7 11. g4 cxd4 12. Bxd4 e5 13. Be3 Nc5 14. Ng3 Ne6 15.
Qd2 Ne8 16. Rfd1 Rc8 17. Nb5 Nf4 18. Nxa7 Nxg2 19. Kxg2 Ra8 20. Nb5 f5 21. gxf5
gxf5 22. Bg5 Bf6 23. Bh6 fxe4 24. Kh2 Bg7 25. Bxg7 Kxg7 26. Qe2 Kh8 27. Rd2 Qh4
28. Nc3 Rf4 29. Qh5 Qf6 30. Qe2 Rh4 31. Nd5 Qh6 32. Ne3 Rxh3+ 33. Kg2 Rh2+ 34.
Kg1 Qh3 35. Qg4 Rg2+ 0-1

[Event "Gibtelecom Masters 1st"]
[Site "Gibraltar"]
[Date "2003.01.30"]
[Round "3"]
[White "McNab, Colin"]
[Black "Sulskis, Sarunas"]
[Result "0-1"]
[WhiteElo "2423"]
[BlackElo "2567"]
[PlyCount "122"]
[EventDate "2003.01.28"]
[EventType "swiss"]
[EventRounds "10"]
[EventCountry "GGB"]
[SourceTitle "BritBase"]
[Source "www.saund.co.uk"]
[SourceDate "2018.02.10"]
[SourceVersion "1"]
[SourceVersionDate "2018.02.10"]
[SourceQuality "1"]

1. c4 e5 2. Nc3 Nc6 3. Nf3 Nf6 4. g3 Bb4 5. Nd5 e4 6. Nh4 d6 7. Bg2 Bc5 8. O-O
Be6 9. Nxf6+ Qxf6 10. Bxe4 Bxc4 11. Qa4 Bxe2 12. Bxc6+ Kf8 13. d4 Bxd4 14. Bxb7
Bxf1 15. Nf3 Re8 16. Qxd4 Qxd4 17. Nxd4 Bh3 18. Bf4 Rb8 19. Bg2 Bxg2 20. Kxg2
Ke8 21. b3 Kd7 22. Nf5 g6 23. Ne3 Rb5 24. Nc4 Re8 25. Be3 a5 26. Rd1 Ra8 27.
Rd4 Kc6 28. Kf3 a4 29. Nd2 axb3 30. axb3 Rf5+ 31. Ke2 Ra2 32. g4 Rb5 33. Rf4 f5
34. gxf5 Rxf5 35. Rh4 h5 36. Rh3 Kb5 37. Rg3 Rf6 38. Kd3 Re6 39. Nf3 Kb4 40.
Bd2+ Kc5 41. b4+ Kb6 42. Be3+ Kb7 43. Ng5 Ra3+ 44. Kd4 Re8 45. Rf3 Re5 46. Ne4
Ra4 47. Bd2 c5+ 48. Nxc5+ Rxc5 49. Rf6 Kc6 50. Rxg6 Rd5+ 51. Kc3 Ra3+ 52. Kb2
Rh3 53. Bf4 Rd4 54. b5+ Kd7 55. Bg3 h4 56. Rh6 Rd2+ 57. Kc3 Rxf2 58. Rh7+ Ke6
59. b6 Rfxh2 60. b7 Rxg3+ 61. Kc4 Rc2+ 0-1